Vorort von Hamburg ... oder München? - Statistiken

Allgemein
  • Dieses Quiz wurde 203 mal gespielt
  • Das Durchschnittsergebnis liegt bei 17 aus 18
Antwortstatistiken
Frage Antwort % Korrekt
Unterhaching München
99%
Germering München
98%
Halstenbek Hamburg
97%
Norderstedt Hamburg
97%
Gräfelfing München
97%
Garching München
97%
Reinbek Hamburg
96%
Schenefeld Hamburg
95%
Unterföhring München
95%
Ahrensburg Hamburg
94%
Seevetal Hamburg
94%
Glinde Hamburg
92%
Wedel Hamburg
92%
Neu Wulmstorf Hamburg
92%
Gröbenzell München
91%
Neubiberg München
88%
Karlsfeld München
85%
Haar München
82%
Keine übereinstimmenden Quizze gefunden
Verteilung der Resultate
Anzahl Personen mit jedem Resultat
Perzentil nach korrekt beantworteten Fragen
Ihre Resultats-Entwicklung
Sie haben dieses Quiz noch nicht gespielt